书目信息 |
| 题名: |
品读醉美美食文化诗词
|
|
| 作者: | 宫润华 编著 | |
| 分册: | ||
| 出版信息: | 北京 中国言实出版社 2021.10 |
|
| 页数: | 230页 | |
| 开本: | 21cm | |
| 丛书名: | 中国诗词大汇 | |
| 单 册: | ||
| 中图分类: | I207.2 , TS971.2(2) | |
| 科图分类: | ||
| 主题词: | 古典诗歌--gu dian shi ge--诗歌欣赏--中国 , 饮食--yin shi--文化--中国 | |
| 电子资源: | ||
| ISBN: | 978-7-5171-3671-2 | |
| 000 | 01143nam 2200277 450 | |
| 001 | CAL 0120217295845 | |
| 005 | 20230217093113.0 | |
| 010 | @a978-7-5171-3671-2@dCNY42.80 | |
| 100 | @a20211127d2021 em y0chiy0120 ea | |
| 101 | 0 | @achi |
| 102 | @aCN@b110000 | |
| 105 | @aa z 000yy | |
| 106 | @ar | |
| 200 | 1 | @a品读醉美美食文化诗词@Apin du zui mei mei shi wen hua shi ci@f宫润华编著 |
| 210 | @a北京@c中国言实出版社@d2021.10 | |
| 215 | @a230页@c彩图@d21cm | |
| 225 | 2 | @a中国诗词大汇@Azhong guo shi ci da hui |
| 330 | @a本书精选历代与美食文化有关的优美诗词, 配上相关赏析, 为读者呈现古诗词中不一样的精彩。有人说, 世界上最治愈的东西, 第一是美食, 第二是文字。当美食遇上诗人, 山珍海味, 一粥一饭, 纷纷化身为诗, 美食滋润舌尖, 文字温暖心灵, 简直妙不可言! 对诗人来说, 饮食是口腹之欲, 是舌尖享受, 更是生活态度 —— 人生在世, 美食与诗不可辜负! | |
| 410 | 0 | @12001 @a中国诗词大汇 |
| 606 | 0 | @a古典诗歌@Agu dian shi ge@x诗歌欣赏@y中国 |
| 606 | 0 | @a饮食@Ayin shi@x文化@y中国 |
| 690 | @aI207.2@v5 | |
| 690 | @aTS971.2(2)@v5 | |
| 701 | 0 | @a宫润华@Agong run hua@4编著 |
| 801 | 0 | @aCN@bBJXHZP@c20230228 |
| 905 | @b1400554-7@dI207.2@e1478@f4 | |
| 品读醉美美食文化诗词/宫润华编著.-北京:中国言实出版社,2021.10 |
| 230页:彩图;21cm.-(中国诗词大汇) |
| ISBN 978-7-5171-3671-2:CNY42.80 |
| 本书精选历代与美食文化有关的优美诗词, 配上相关赏析, 为读者呈现古诗词中不一样的精彩。有人说, 世界上最治愈的东西, 第一是美食, 第二是文字。当美食遇上诗人, 山珍海味, 一粥一饭, 纷纷化身为诗, 美食滋润舌尖, 文字温暖心灵, 简直妙不可言! 对诗人来说, 饮食是口腹之欲, 是舌尖享受, 更是生活态度 —— 人生在世, 美食与诗不可辜负! |
| ● |
| 相关链接 |
|
|
|
|
正题名:品读醉美美食文化诗词
索取号:I207.2/1478
 
预约/预借
| 序号 | 登录号 | 条形码 | 馆藏地/架位号 | 状态 | 备注 |
| 1 | 1400554 | 214005547 | 第一样本阅览室/ [索取号:I207.2/1478] | 在馆 | |
| 2 | 1400555 | 214005556 | 第二借阅区/ [索取号:I207.2/1478] | 在馆 | |
| 3 | 1400556 | 214005565 | 第二借阅区/ [索取号:I207.2/1478] | 在馆 | |
| 4 | 1400557 | 214005574 | 第二借阅区/ [索取号:I207.2/1478] | 在馆 |